International routes from John F. Kennedy International Airport (JFK) - Statistics

General Stats
  • This quiz has been taken 48 times
  • The average score is 158 of 204
Answer Stats
Airline International Route Country % Correct
Air China Beijing-Capital China
95%
Aer Lingus Dublin Ireland
95%
JetBlue Dublin Ireland
95%
Norse Atlantic Airways London-Gatwick United Kingdom
95%
American Airlines London-Heathrow United Kingdom
95%
British Airways London-Heathrow United Kingdom
95%
Delta Airlines London-Heathrow United Kingdom
95%
JetBlue London-Heathrow United Kingdom
95%
Virgin Atlantic London-Heathrow United Kingdom
95%
Aeromexico Mexico City Mexico
95%
American Airlines Mexico City Mexico
95%
Delta Airlines Mexico City Mexico
95%
Viva Mexico City Mexico
95%
Air Canada Express Montreal-Trudeau Canada
95%
Air France Paris-Charles de Gaulle France
95%
American Airlines Paris-Charles de Gaulle France
95%
Delta Airlines Paris-Charles de Gaulle France
95%
JetBlue Paris-Charles de Gaulle France
95%
American Airlines Rio de Janeiro Brazil
95%
Delta Airlines Rio de Janeiro Brazil
95%
Delta Airlines Rome-Fiumicino Italy
95%
ITA Airways Rome-Fiumicino Italy
95%
Norse Atlantic Airways Rome-Fiumicino Italy
95%
Avianca Costa Rica San Jose Costa Rica
95%
JetBlue San Jose Costa Rica
95%
Delta Airlines San Jose del Cabo Mexico
95%
Avianca El Salvador San Salvador El Salvador
95%
American Airlines Tel Aviv Israel
95%
Arika Tel Aviv Israel
95%
Delta Airlines Tel Aviv Israel
95%
El Al Tel Aviv Israel
95%
ANA Tokyo-Haneda Japan
95%
American Airlines Tokyo-Haneda Japan
95%
Japan Airlines Tokyo-Haneda Japan
95%
Air Canada Express Toronto-Pearson Canada
95%
American Eagle Toronto-Pearson Canada
95%
Delta Connection Toronto-Pearson Canada
95%
Flair Airlines Toronto-Pearson Canada
95%
Delta Airlines Amsterdam Netherlands
91%
JetBlue Amsterdam Netherlands
91%
KLM Amsterdam Netherlands
91%
American Airlines Athens Greece
91%
Delta Airlines Athens Greece
91%
Norse Atlantic Airways Athens Greece
91%
Air Serbia Belgrade Serbia
91%
American Airlines Cancun Mexico
91%
Delta Airlines Cancun Mexico
91%
JetBlue Cancun Mexico
91%
Air India Delhi India
91%
American Airlines Edinburgh United Kingdom
91%
Delta Airlines Edinburgh United Kingdom
91%
JetBlue Edinburgh United Kingdom
91%
Delta Airlines Lisbon Portugal
91%
TAP Air Portugal Lisbon Portugal
91%
Air Europa Madrid Spain
91%
Delta Airlines Madrid Spain
91%
Iberia Madrid Spain
91%
American Airlines St. Lucia St.Lucia
91%
JetBlue St. Lucia St. Lucia
91%
Air New Zealand Auckland New Zealand
86%
Qantas Auckland Australia
86%
Delta Airlines Berlin Germany
86%
Avianca Bogota Colombia
86%
American Airlines Buenos Aires Argentina
86%
Delta Airlines Buenos Aires Argentina
86%
Condor Frankfurt Germany
86%
Lufthansa Frankfurt Germany
86%
Singapore Airlines Frankfurt Germany
86%
China Southern Airlines Guangzhou China
86%
Avianca El Salvador Guatemala City Guatemala
86%
JetBlue Guatemala City Guatemala
86%
Virgin Atlantic Manchester United Kingdom
86%
American Airlines Milan-Malpensa Italy
86%
Delta Airlines Milan-Malpensa Italy
86%
Emirates Milan-Malpensa Italy
86%
Neos Milan-Malpensa Italy
86%
Air India Mumbai-Shivaji India
86%
Scandinavian Airlines Oslo Norway
86%
Caribbean Airlines Port of Spain Trinidad & Tobago
86%
JetBlue Port of Spain Trinidad & Tobago
86%
Delta Airlines Prague Czechia
86%
Delta Airlines Santo Domingo Dominican Republic
86%
JetBlue Santo Domingo Dominican Republic
86%
American Airlines Sao Paulo-Guaralhos Brazil
86%
Delta Airlines Sao Paulo-Guaralhos Brazil
86%
LATAM Brasil Sao Paulo-Guaralhos Brazil
86%
China Eastern Airlines Shanghai-Pudong China
86%
Delta Airlines Stockholm-Arlanda Sweden
86%
China Airlines Taipei-Taoyuan Taiwan
86%
EVA Air Taipei-Taoyuan Taiwan
86%
Delta Airlines Zurich Switzerland
86%
Swiss International Airlines Zurich Switzerland
86%
Etihad Airways Abu Dhabi United Arab Emirates
82%
Egyptair Cairo Egypt
82%
Emirates Dubai-International United Arab Emirates
82%
Swiss International Airlines Geneva Switzerland
82%
Saudia Jeddah Saudi Arabia
82%
Delta Airlines Lagos Nigeria
82%
LATAM Peru Lima Peru
82%
Lufthansa Munich Germany
82%
Delta Airlines Nice France
82%
Delta Airlines Porto Portugal
82%
Asiana Airlines Seoul-Incheon South Korea
82%
Korean Air Seoul-Incheon South Korea
82%
Singapore Airlines Singapore Singapore
82%
Delta Airlines Venice Italy
82%
Austrian Airlines Vienna Austria
82%
Ethiopian Airlines Addis Ababa Ethiopia
77%
Royal Jordanian Amman Jordan
77%
Gulf Air Bahrain Bahrain
77%
American Airlines Barbados Barbados
77%
Delta Airlines Barbados Barbados
77%
JetBlue Barbados Barbados
77%
American Airlines Barcelona Spain
77%
Delta Airlines Barcelona Spain
77%
Level Barcelona Spain
77%
Brussels Airlines Brussels Belgium
77%
HiSky Bucharest-Otopeni Romania
77%
American Airlines Calgary Canada
77%
WestJet Calgary Canada
77%
Royal Air Maroc Casablanca Morocco
77%
Delta Airlines Copenhagen Denmark
77%
Scandinavian Airlines Copenhagen Sweden
77%
Qatar Airways Doha Qatar
77%
Finnair Helsinki Finland
77%
Cathay Pacific Hong Kong China
77%
Turkish Airlines Istanbul Turkiye
77%
Avianca Medellin Colombia
77%
Aeromexico Monterrey Mexico
77%
Viva Monterrey Mexico
77%
Saudia Riyadh Saudi Arabia
77%
LATAM Chile Santiago Chile
77%
Delta Airlines Santiago de los Caballeros Dominican Republic
77%
JetBlue Santiago de los Caballeros Dominican Republic
77%
Aer Lingus Shannon Ireland
77%
Delta Airlines Shannon Ireland
77%
LOT Polish Airlines Warsaw-Chopin Poland
77%
American Airlines Antigua Antigua & Barbuda
73%
Delta Airlines Antigua Antigua & Barbuda
73%
JetBlue Antigua Antigua & Barbuda
73%
Caribbean Airlines Kingston Jamaica
73%
Delta Airlines Kingston Jamaica
73%
JetBlue Kingston Jamaica
73%
Phillippine Airlines Manila Phillippines
73%
Delta Airlines Naples Italy
73%
Delta Airlines Nassau Bahamas
73%
American Airlines Punta Cana Dominican Republic
73%
Delta Airlines Punta Cana Dominican Republic
73%
JetBlue Punta Cana Dominican Republic
73%
Delta Airlines Reykjavik-Keflavik Iceland
73%
Icelandair Reykjavik-Keflavik Iceland
73%
Qantas Sydney Australia
73%
Delta Airlines Dakar Senegal
68%
American Airlines Georgetown-Cheddi Jagan Guyana
68%
Caribbean Airlines Georgetown-Cheddi Jagan Guyana
68%
JetBlue Georgetown-Cheddi Jagan Guyana
68%
American Airlines Montego Bay Jamaica
68%
Delta Airlines Montego Bay Jamaica
68%
American Airlines St.Vincent St. Vincent and the Grenadines
68%
Caribbean Airlines St. Vincent St. Vincent and the Grenadines
68%
JetBlue St. Vincent St. Vincent and the Grenadines
68%
Delta Airlines Aruba Netherlands
64%
JetBlue Aruba Netherlands
64%
JetBlue Belize City Belize
64%
Kuwait Airways Kuwait City Kuwait
64%
Kenya Airways Nairobi-Jomo Kenyatta Kenya
64%
Neos Palermo Italy
64%
Alaska Airlines Puerto Vallarta Mexico
64%
American Airlines St. Kitts St. Kitts & Nevis
64%
Delta Airlines St. Kitts St. Kitts & Nevis
64%
Uzbekistan Airways Tashkent Uzbekistan
64%
Ethiopian Airlines Abidjan Ivory Coast
59%
Delta Airlines Accra Ghana
59%
Avianca Cali Colombia
59%
JetBlue Grenada Grenada
59%
Ethiopian Airlines Lome Togo
59%
American Eagle Quebec City Canada
59%
American Airlines Bermuda United Kingdom
55%
Delta Airlines Bermuda United Kingdom
55%
JetBlue Bermuda United Kingdom
55%
JetBlue Curacao Netherlands
55%
JetBlue Guayaquil Ecuador
55%
LATAM Ecaudor Guayaquil Ecaudor
55%
Avianca Costa Rica San Pedro Sula Honduras
55%
JetBlue San Pedro Sula Honduras
55%
Caribbean Airlines Tobago Trinidad & Tobago
55%
Avianca Cartagena Colombia
50%
JetBlue Cartagena Colombia
50%
American Airlines Liberia Costa Rica
50%
Azores Airlines Ponta Delgada Portugal
45%
American Airlines St. Maarten Netherlands
45%
Delta Airlines St. Maarten Netherlands
45%
Neos Bari Italy
41%
Delta Airlines Valetta Malta
41%
Delta Airlines Grand Cayman United Kingdom
36%
JetBlue Grand Cayman United Kingdom
36%
Delta Airlines Olbia Italy
36%
JetBlue Puerto Plata Dominican Republic
36%
Delta Airlines Catania Spain
32%
American Airlines Providenciales United Kingdom
32%
Delta Airlines Providenciales United Kingdom
32%
JetBlue Providenciales United Kingdom
32%
XiamenAir Fuzhou China
23%
Avianca Pereira Colombia
23%
No matching quizzes found
Score Distribution
Percent of People with Each Score
Percentile by Number Answered
Your Score History
You have not taken this quiz